000
00334nam a22001457a 4500
008
230706b ||||| |||| 00| 0 eng d
020
_a
9780761987499
041
_a
eng
080
_2
SECOND EDITION
_a
316
082
_a
316NEW
100
_a
24
101
_a
SOCIO
245
_a
SOCIOLOGY OF FAMILIES
_c
NEWMAN .M D
942
_2
udc
_c
BK
999
_c
60108
_d
60108